00642nam a2200169Ia 4500100002100000942000700021654002200028245005700050260002600107082001700133300000800150546001200158999001700170952009500187952009500282952009500377 aRaman/Lakshmi G  cBK atelecommunication aFundamentals of Telecommunication network management bPrentice Hallc2000 a621.382bRAM a335 aENGLISH c21439d21439 001040708CRCaCRCEbCRCEd2023-03-17l0o621.382 RAMp14620r2023-03-17w2023-03-17yBK 001040708CRCaCRCEbCRCEd2023-03-17l0o621.382 RAMp14621r2023-03-17w2023-03-17yBK 001040708CRCaCRCEbCRCEd2023-03-17l0o621.382 RAMp14622r2023-03-17w2023-03-17yBK